| 000 | 00983nam a2200337 a 4500 | ||
|---|---|---|---|
| 008 | |||
| 020 | _a9781785041891 (paperback) | ||
| 040 |
_aNUST _cNUST |
||
| 049 | _aMAIN | ||
| 090 |
_aHD42 _bBON |
||
| 100 | 1 |
_aBono, Edward de., _aauthor. |
|
| 245 | 1 | 0 |
_aConflicts : _ba better way to resolve them/ _c Edward de Bono. |
| 260 |
_aLondon : _bVermilion, _c1991. |
||
| 300 |
_axv, 272 pages ; _c22 cm. |
||
| 336 |
_atext _btxt _2rdacontent |
||
| 337 |
_aunmediated _bn _2rdamedia |
||
| 338 |
_avolume _bnc _2rdacarrier |
||
| 500 | _aIncludes index. | ||
| 650 | 1 | _aConflict (Psychology). | |
| 650 | _aConflict management. | ||
| 650 | _aSocial conflict. | ||
| 650 | _aProblem solving. | ||
| 650 | _aNegotiation. | ||
| 650 | _aCreative thinking. | ||
| 650 | _aCommunication. | ||
| 650 | _aInterpersonal relations. | ||
| 907 |
_a.b10401453 _b27-04-21 _c27-04-21 |
||
| 003 | |||
| 005 | 20230123141153.0 | ||
| 942 |
_cBOOKS _kHD42 _mBON |
||
| 999 |
_c168874 _d168874 |
||